Statistics for Cruzeiro Best Scorer By Year

Click here to take the quiz!

General Stats

  • This quiz has been taken 57 times
    (13 since last reset)
  • The average score is 15 of 48

Answer Stats

Player% Correct
Bruno Rodrigues
88%
Marcelo Moreno
88%
Tostão
88%
Tostão
88%
Dirceu Lopes
75%
Giorgian De Arrascaeta
75%
Ricardo Goulart
75%
Thiago Neves
75%
Ronaldo
63%
Alex
50%
Borges
50%
Nelinho
38%
Roberto Batata
38%
Walter Montillo
38%
Wellington Paulista
38%
Willian
38%
Carlos Alberto Seixas
25%
Fred
25%
Marcelo Ramos
25%
Palhinha
25%
Palhinha
25%
Paulo Roberto
25%
Thiago Ribeiro
25%
Ademar
13%
Alex Alves
13%
Charles
13%
Cláudio Adão
13%
Edmar
13%
Édson
13%
Fábio Júnior
13%
Geraldão
13%
Guilherme
13%
Hamilton
13%
Hebert Revétria
13%
Jean Carlo
13%
Kelly
13%
Leonardo
13%
Luís Fernando Flores
13%
Luiz Carlos Oliveira
13%
Nonato
13%
Oséas
13%
Ramón
13%
Roberto César
13%
Roberto Gaúcho
13%
Robson
13%
Roni
13%
Toninho Cerezo
13%
Wagner
13%

Score Distribution

Percentile by Number Answered

Percent of People with Each Score

Your Score History

You have not taken this quiz since the last reset